000 00508nam a22001577a 4500
999 _c181868
_d181868
005 20211007144102.0
010 _aEN230921
020 _a9789390866380
_c225.00
037 _bSahitya Akademi
245 _aTribal literature and oral expressions in India /
_cedited by Prem Kumari Srivastava
260 _aNew Delhi
_bSahitya Akademi
_c2021
270 _aRabindra Bhavan, 35 Ferozshah Road
_bNew Delhi
_e110001
300 _axxx, 186p.
_c22cm(pbk)
700 _aSrivastava, Prem Kumari
942 _2ddc
_cEN
_mTRI